000
00222 a2200097 4500
001
35031
100
_a
Sen A K
245
_a
Radar Systems & Radio Aids to Navigation
260
_a
ND
_b
Khanna Pub
_c
090
_c
23179
_d
23179
942
_a
NUST-CAE
_c
M
_c
14646
999
_c
270104
_d
270104